00534 2200217 4500001002100000005001500021035002000036007000300056008004100059020001900100082000800119084001400127100002400141245004600165250001000211260003500221300003200256990001000288990000900298990000900307INLIS00000000000000420260413102248 a0010-0426000004ta260413 c 1 ind  a97876027272378 a813 a813 DEA t0 aDea Syamgita laksmi1 aTeguh Berpendirian /cDea Syamgita laksmi acet 1 aSurakarta :bCV Grahadi,c2019 a52 hlm :bill ;c25 x 18 cm a01978 a1979 a1980